=LDR 00000nam 2200000 4500 =001 INLIS000000000021481 =005 20130612120336 =008 ***********************************Ind** =035 ##$$0010-061300000021481 =041 ##$$a Ind =082 ##$$a 028.5 =090 ##$$a 028.5, Nov m =100 ##$$a NOVIE E. Bt =245 ##$$a Mengamati serangga disekitar kita, Novie E. Bt =260 ##$$a 1999 $b Surabaya =300 ##$$a v, 88 hlm, Ilus, 13 x 20 cm =650 ##$$a Bacaan Kanak-kanak =850 ##$$a NBPNMAT